| 000 | 00580nam a22001577a 4500 | ||
|---|---|---|---|
| 003 | NUST | ||
| 082 | _a670 | ||
| 100 |
_aZEB ,FAHAD _9122375 |
||
| 245 |
_aProcess Improvement of Pakistan's manufactured Truck and Trailer Wheel Hubs using DMAIC methodology / _cFAHAD ZEB |
||
| 264 |
_aIslamabad: _bSMME- NUST. _c2021. |
||
| 300 |
_a153p. ; _bSoft Copy, _c30cm. |
||
| 650 |
_aMS Design and Manufacturing Engineering _9119567 |
||
| 700 |
_aSupervisor : Dr. SHAHID IKRAMULLAH BUTT _9119623 |
||
| 856 | _uhttp://10.250.8.41:8080/xmlui/handle/123456789/25844 | ||
| 942 |
_2ddc _cTHE |
||
| 999 |
_c608870 _d608870 |
||